Clarence Darrow for the defense
Gespeichert in:
| 1. Verfasser: | |
|---|---|
| Format: | Buch |
| Sprache: | Undetermined |
| Veröffentlicht: |
New York
Garden City Publishing Co., Inc.
1943
|
| Schlagworte: | |
| Tags: |
Tag hinzufügen
Keine Tags, Fügen Sie den ersten Tag hinzu!
|
| Thư viện lưu trữ: | Trung tâm Học liệu Trường Đại học Cần Thơ |
|---|
| LEADER | 00530nam a2200205Ia 4500 | ||
|---|---|---|---|
| 001 | CTU_86048 | ||
| 008 | 210402s9999 xx 000 0 und d | ||
| 082 | |a 340 | ||
| 082 | |b S877 | ||
| 100 | |a Stone, Irving | ||
| 245 | 0 | |a Clarence Darrow for the defense | |
| 245 | 0 | |c Irving Stone | |
| 260 | |a New York | ||
| 260 | |b Garden City Publishing Co., Inc. | ||
| 260 | |c 1943 | ||
| 650 | |a Lawyers | ||
| 650 | |x Biography | ||
| 650 | |z United states | ||
| 904 | |i Trúc | ||
| 980 | |a Trung tâm Học liệu Trường Đại học Cần Thơ | ||